| 000 | 00835cam a22002531 4500 | ||
|---|---|---|---|
| 001 | ca 34002090 | ||
| 003 | DLC | ||
| 005 | 20260227111136.0 | ||
| 007 | cr_||||||||||| | ||
| 008 | 860723s1876 mau 000 1 eng | ||
| 010 | _aca 34002090 | ||
| 035 | _a(OCoLC)14400828 | ||
| 040 |
_aDLC _cNhD _dDLC |
||
| 042 | _apremarc | ||
| 050 | 0 | 0 |
_aPS1059.B22 _bP3 1876 |
| 082 | 0 | _a812.4 | |
| 100 | 1 |
_aBaker, George Melville, _d1832-1890. |
|
| 245 | 1 | 0 |
_aPaddle your own canoe. _bA farce. _cby the author of "Sylvia's soldier", "Once on a time" ... |
| 260 |
_aBoston, _bG.M. Baker and company _c[1876] |
||
| 300 |
_a1 p. l., p. 189-215. _bdiagr. _c19 cm. |
||
| 490 | 0 | _aThe Amateur drama, [no. 13] | |
| 530 | _aAlso available in digital form on the Internet Archive Web site. | ||
| 856 | 4 | 1 | _uhttp://hdl.loc.gov/loc.gdc/scd0001.00157854069 |
| 999 |
_c17690 _d17690 |
||